000 00652nam a2200205 i 4500
001 47330
003 ES-MaACL
007 t|
008 030407s1984 sp ||||1| spa d
100 1 _aCoque, Roger.
_940430
245 1 0 _aGeomorfología /
_cRoger Coque ; versión de Julio Muñoz Jiménez e Isabel Pérez Tovar.
260 _a[Madrid] :
_bAlianza,
_c[1984]
300 _a475 p. :
_bil. ;
_c23 cm.
490 1 _aAlianza universidad. Textos
700 1 _aMuñoz Jiménez, Julio.
_984437
700 1 _aPérez Tovar, Isabel.
_991181
830 0 _aAlianza universidad. Textos
_9177885
852 _aES-MaACL
_jL-8007
_bR.108592
999 _c47330
_d47330